000 00805nac a22002537a 4500
001 BR9402451
003 BR-BrBNA
005 20240105121535.0
008 230509b bl.|||m| |||| 00| 0 por d
040 _aBR-BrBNA
_bpor
_cBiblioteca Nacional de Agricultura
072 _aM01
090 _aM01 BR9402451
100 1 _aCosta, W.D. da
110 1 _aInstituto de Pesca, Sao Paulo, SP (Brasil)
_96067
245 1 _aConsideracoes sobre as zonas economicas exclusivas e o mar territorial
260 3 _aSao Paulo, SP (Brasil):
_c1994.
300 _a16 p.
490 _aBoletim Tecnico - Instituto de Pesca (Brazil)
_vno. 17
_xISSN 0103-1767
500 _a5 ref.; 5 illus.
650 _aPesca
650 _aDireito Maritimo
909 _a202312
_bLúcia Elande
_c55
_dLúcia Elande
942 _2AGRIS
_n0
_cMS
999 _c285898
_d285898